000 00992nac a22003017a 4500
001 BR9406123
003 BR-BrBNA
005 20240105121602.0
008 230509b bl.|||m| |||| 00| 0 por d
040 _aBR-BrBNA
_bpor
_cBiblioteca Nacional de Agricultura
072 _aE71; E16
090 _aE71 BR9406123
100 1 _aPinheiro, A.C.
100 1 _aMoreira, A.R.B.
100 1 _aHorta, M.H.
110 1 _aInstituto de Pesquisa Economica Aplicada, Brasilia, DF (Brasil)
245 1 _aIndicadores de competitividade das exportacoes: resultados setoriais para o periodo 1980/88
260 3 _aBrasilia, DF (Brasil):
_c1992.
300 _a60 p.
490 _aTexto para Discussao - Instituto de Pesquisa Economica Aplicada (Brazil)
_vno. 257
_x
500 _aSummary (Pt); 31 ref.; 20 tables
650 _aComercio Exterior
650 _aPreco
650 _aCusto
650 _aFator de Producao
909 _a202312
_bLúcia Elande
_c55
_dLúcia Elande
942 _2AGRIS
_n0
_cMS
999 _c286173
_d286173